Online katalóg knižníc regiónu Turca

Dymová clona ; Bankár (Record no. 20764)

MARC details
000 -LEADER
fixed length control field 01775cam a2200481 a 4500
001 - CONTROL NUMBER
control field 20764
003 - CONTROL NUMBER IDENTIFIER
control field VRT
005 - DATE AND TIME OF LATEST TRANSACTION
control field 20260131121420.0
008 - FIXED-LENGTH DATA ELEMENTS--GENERAL INFORMATION
fixed length control field 240226s1987 xo gr 000 f slo
015 ## - NATIONAL BIBLIOGRAPHY NUMBER
National bibliography number SNBA1987/08
020 ## - INTERNATIONAL STANDARD BOOK NUMBER
Qualifying information (viazané)
035 ## - SYSTEM CONTROL NUMBER
System control number SNK000028056
039 #9 - LEVEL OF BIBLIOGRAPHIC CONTROL AND CODING DETAIL [OBSOLETE]
Level of rules in bibliographic description 202512272108
Level of effort used to assign nonsubject heading access points AUTHORITY
Level of effort used to assign subject headings 202406291201
Level of effort used to assign classification csnk01
Level of effort used to assign subject headings 202402262016
Level of effort used to assign classification VLOAD
Level of effort used to assign subject headings 202210261032
Level of effort used to assign classification msnk115
040 ## - CATALOGING SOURCE
Original cataloging agency SNK
Language of cataloging slo
Transcribing agency SNK
Description conventions AACR2
041 1# - LANGUAGE CODE
Language code of text/sound track or separate title slo
Language code of original eng
044 ## - COUNTRY OF PUBLISHING/PRODUCING ENTITY CODE
MARC country code xo
ISO country code SK
072 #7 - SUBJECT CATEGORY CODE
Subject category code 821.111-3
Subject category code subdivision Anglická próza, anglicky písaná
Source konspekt
080 ## - UNIVERSAL DECIMAL CLASSIFICATION NUMBER
Universal Decimal Classification number 820-3
Edition identifier 1997
080 ## - UNIVERSAL DECIMAL CLASSIFICATION NUMBER
Universal Decimal Classification number 821.111-31
Edition identifier 2011
080 ## - UNIVERSAL DECIMAL CLASSIFICATION NUMBER
Universal Decimal Classification number (0:82-312.4)
Edition identifier 2011
100 1# - MAIN ENTRY--PERSONAL NAME
Personal name Francis, Dick,
Dates associated with a name 1920-2010
Relationship aut
245 10 - TITLE STATEMENT
Title Dymová clona ; Bankár
Statement of responsibility, etc. Dick Francis ; z anglický originálov Smokescreen ... preložila Alexandra Ruppeldtová a Banker ... preložil Otokar Kořínek
250 ## - EDITION STATEMENT
Edition statement 1. vyd.
260 ## - PUBLICATION, DISTRIBUTION, ETC.
Place of publication, distribution, etc. Bratislava
Name of publisher, distributor, etc. Pravda
Date of publication, distribution, etc. 1987
Place of manufacture Bratislava
Manufacturer Pravda
300 ## - PHYSICAL DESCRIPTION
Extent 454 strán
Dimensions 21 cm
366 ## - TRADE AVAILABILITY INFORMATION
Note 78000 výtl.
490 1# - SERIES STATEMENT
Series statement Členská knižnica Pravda
500 ## - GENERAL NOTE
General note Dokument obsahuje 2 diela
655 #7 - INDEX TERM--GENRE/FORM
Genre/form data or focus term anglické romány
Source of term SNKPH
655 #7 - INDEX TERM--GENRE/FORM
Genre/form data or focus term detektívne romány
Source of term SNKPH
700 1# - ADDED ENTRY--PERSONAL NAME
Personal name Ruppeldtová, Alexandra,
Dates associated with a name 1954-
Relationship trl
700 1# - ADDED ENTRY--PERSONAL NAME
Personal name Kořínek, Otakar,
Dates associated with a name 1946-2025
Relationship trl
700 12 - ADDED ENTRY--PERSONAL NAME
Personal name Francis, Dick,
Dates associated with a name 1920-2010
Title of a work Smokescreen
Language of a work Slovensky
700 12 - ADDED ENTRY--PERSONAL NAME
Personal name Francis, Dick,
Dates associated with a name 1920-2010
Title of a work Banker
Language of a work Slovensky
740 02 - ADDED ENTRY--UNCONTROLLED RELATED/ANALYTICAL TITLE
Uncontrolled related/analytical title Bankár
830 #0 - SERIES ADDED ENTRY--UNIFORM TITLE
Uniform title Členská knižnica Pravda
942 ## - ADDED ENTRY ELEMENTS (KOHA)
Source of classification or shelving scheme Dewey Decimal Classification
Koha item type Krásna literatúra pre dospelých
Suppress in OPAC No
949 ## - LOCAL PROCESSING INFORMATION (OCLC)
6 3830001087599
a kurukT1/FRAN2-1
b kuruk2013/F10391
949 ## - LOCAL PROCESSING INFORMATION (OCLC)
6 17A0930321
a snkSC 68835
b snkKSP 4815/87
s 6100:20220922
949 ## - LOCAL PROCESSING INFORMATION (OCLC)
6 17A0301356
9 P60, <05>, [BOOK], {605}
a snkSC 68835 D1
Holdings
Stav vyradenia Strata Poškodenie Spôsob nadobudnutia Domovská knižnica Aktuálna knižnica Dátum nadobudnutia Total checkouts Čiarový kód exemplára Date last seen Typ exemplára
      Dar Obecná knižnica Horná Štubňa Obecná knižnica Horná Štubňa 31.01.2026   4736200905 31.01.2026 Krásna literatúra pre dospelých
Projekt je podporený Slovenskou asociáciou knižníc
Prevádzkuje Turčianska knižnica Martin 2026